| 000 | 00427nam 22001453 4500 | ||
|---|---|---|---|
| 001 | 32580 | ||
| 010 | _a978-3-540-44649-1 | ||
| 090 | _a32580 | ||
| 100 | _a20260316d u||y0pory50 ba | ||
| 101 | _aeng | ||
| 200 |
_aClimate Prediction and Agriculture _eAdvances and Challenges _fMannava V.K. Sivakumar _gJames Hansen |
||
| 210 |
_aGeneva _cMannava V.K. Sivakumar, James Hansen |
||
| 606 |
_xAgrometeorologia _923768 |
||
| 801 | _gISBD | ||
| 942 | _n0 | ||